RICS UK valuation standards, appendices and guidance notes (Record no. 115270)

MARC details
000 -LEADER
fixed length control field 01683cad a22003375a 4500
001 - CONTROL NUMBER
control field L158332
008 - FIXED-LENGTH DATA ELEMENTS--GENERAL INFORMATION
fixed length control field 131031s2014 xxk f f 001 0 eng d
020 ## - INTERNATIONAL STANDARD BOOK NUMBER
International Standard Book Number 9781783210251
035 ## - SYSTEM CONTROL NUMBER
System control number (Sirsi) u158332
041 0# - LANGUAGE CODE
Language code of text/sound track or separate title eng
050 04 - LIBRARY OF CONGRESS CALL NUMBER
Classification number 333.332 $2 18
110 2# - MAIN ENTRY--CORPORATE NAME
Corporate name or jurisdiction name as entry element Royal Institution of Chartered Surveyors
9 (RLIN) 4900
240 00 - UNIFORM TITLE
Uniform title Red Book
245 00 - TITLE STATEMENT
Title RICS UK valuation standards, appendices and guidance notes
Remainder of title December 2014
Medium [electronic resource]
260 ## - PUBLICATION, DISTRIBUTION, ETC.
Place of publication, distribution, etc. London
Name of publisher, distributor, etc. RICS
Date of publication, distribution, etc. 2014
300 ## - PHYSICAL DESCRIPTION
Extent 200 p.
490 #0 - SERIES STATEMENT
Series statement RICS Guidance Note
490 #0 - SERIES STATEMENT
Series statement RICS Valuation Standards
490 #0 - SERIES STATEMENT
Series statement RICS Professional Standards Global and UK
490 ## - SERIES STATEMENT
Series statement RICS Red Book
505 2# - FORMATTED CONTENTS NOTE
Formatted contents note RICS UK Valuation Standards -- RICS UK Appendices -- RICS UK guidance notes
520 ## - SUMMARY, ETC.
Summary, etc. APRIL 2015 UPDATE (L158561): RICS Valuation Standards as they apply in the UK have been updated with effect from the date of publication in April 2015.
520 ## - SUMMARY, ETC.
Summary, etc. It replaces UK part of the RICS Red Book 2014 - L158006.
520 ## - SUMMARY, ETC.
Summary, etc. Red Book UKVS 1 and the associated Appendices have been rewritten in 2014 in order to reflect the replacement of the existing UK GAAP accounting standards with a new regime, based on International Financial Reporting Standards (IFRS), taking effect from January 2015. The new UK and Republic of Ireland accounting standards affect UKVS 1 and UK appendices 1, 2, 4 and 6.
650 24 - SUBJECT ADDED ENTRY--TOPICAL TERM
Topical term or geographic name entry element RICS VALUATION STANDARDS
651 #4 - SUBJECT ADDED ENTRY--GEOGRAPHIC NAME
Geographic name United Kingdom
Chronological subdivision
690 ## - LOCAL SUBJECT ADDED ENTRY--TOPICAL TERM (OCLC, RLIN)
Topical term or geographic name as entry element Valuation
9 (RLIN) 6273
856 48 - ELECTRONIC LOCATION AND ACCESS
Uniform Resource Identifier <a href="https://www.rics.org/Global/RICS_Red_Book_UK_PGguidance_December_2014.pdf">https://www.rics.org/Global/RICS_Red_Book_UK_PGguidance_December_2014.pdf</a>
Public note RICS members can access this item free of charge at www.rics.org
942 ## - ADDED ENTRY ELEMENTS (KOHA)
Suppress in OPAC 0
Holdings
Withdrawn status Lost status Source of classification or shelving scheme Damaged status Not for loan Home library Current library Shelving location Date acquired Total Checkouts Full call number Barcode Date last seen Copy number Price effective from Koha item type
    Dewey Decimal Classification     London London Reference copy 17/12/2014   RICS 2014/6 ROY 30075306 06/08/2019 1 06/08/2019 Book
    Dewey Decimal Classification     Virtual Virtual Online 17/12/2014   ONLINE PUBLICATION 158332-3001 06/08/2019 1 06/08/2019 Book